| 000 | 00386 a2200145 4500 | ||
|---|---|---|---|
| 082 | _a954.902 | ||
| 090 |
_c1218 _d1218 |
||
| 100 | _aSaeed, Ahmed | ||
| 245 |
_aRoznama Zemidar and Tahrik Azadi _cSaeed Ahmed |
||
| 260 |
_aIslamabad: _bMuqtedara Qomi Zuban _c1988 |
||
| 300 |
_a359 p. ; _c24 cm. |
||
| 500 | _aIncludes Index | ||
| 650 | _aRoznama Zemidar--Index. | ||
| 942 |
_cBK _k954.902 SAE |
||
| 999 |
_c5177 _d5177 |
||